Catàleg del Col·legi de Periodistes de Catalunya

Fons Josep M. Huertas Clavería (Registre núm. 7300)

000 -CABECERA
Longitud fija campo de control 01616ctm a22003137a 4500
003 - IDENTIFICADOR DEL NÚMERO DE CONTROL
Identificador del número de control OSt
005 - FECHA Y HORA DE LA ÚLTIMA TRANSACCIÓN
Fecha y hora de la última transacción 20260515062531.0
008 - CÓDIGOS DE INFORMACIÓN DE LONGITUD FIJA
Códigos de información de longitud fija 181220q19622001spc|||| |||| 0|0 0dcat|d
040 ## - FUENTE DE LA CATALOGACIÓN
Centro catalogador de origen ES-BaBC
Lengua de catalogación cat
Centro transcriptor CDMR
100 1# - PUNTO DE ACCESO PRINCIPAL-NOMBRE DE PERSONA
Nombre de persona Huertas, Josep Maria
Fechas asociadas al nombre 1939-2007‏
Forma desarrollada del nombre (Josep Maria),
Término indicativo de función creador
9 (RLIN) 28
245 10 - MENCIÓN DE TÍTULO
Título Fons Josep M. Huertas Clavería
260 ## - PUBLICACIÓN, DISTRIBUCIÓN, ETC. (PIE DE IMPRENTA)
Fecha de publicación, distribución, etc. Entre 1970 i 2000?
300 ## - DESCRIPCIÓN FÍSICA
Extensión Aproximadament 105 capses
300 ## - DESCRIPCIÓN FÍSICA
Extensión Aproximadament 4600 volums
506 ## - NOTA DE RESTRICCIONES AL ACCESO
Limitaciones de acceso Documentació en procés de condiciament, ordenació i descripció;
Condiciones para el acceso físico (R ) accés restringit
520 3# - NOTA DE SUMARIO
Sumario, etc, Correspondència, manuscrits teatrals i en prosa, esborranys i material de treball, documentació sobre la seva obra, biblioteca personal, publicacions periòdiques, material gràfic i retalls de premsa
524 ## - NOTA DE FORMA USUAL DE CITA
Nota de forma usual de cita de los mateiales descritos ( NR) Barcelona, Biblioteca de Catalunya, Fons Josep M. Huertas Clavería
600 17 - PUNTO DE ACCESO ADICIONAL DE MATERIA - NOMBRE DE PERSONA
Nombre de persona Huertas, Josep Maria
Fechas asociadas al nombre 1939-2007‏
Forma desarrollada del nombre (Josep Maria),
Subdivisión de materia general (R ) Arxius
Fuente de encabezamiento o te&ecute,rmino
9 (RLIN) 28
600 17 - PUNTO DE ACCESO ADICIONAL DE MATERIA - NOMBRE DE PERSONA
Nombre de persona Huertas, Josep Maria
Fechas asociadas al nombre 1939-2007‏
Forma desarrollada del nombre (Josep Maria),
Subdivisión de materia general (R ) Biografia
Fuente de encabezamiento o te&ecute,rmino
9 (RLIN) 28
650 #7 - PUNTO DE ACCESO ADICIONAL DE MATERIA - TÉRMINO DE MATERIA
Término de materia o nombre geográfico como elemento inicial Guerra Civil Espanyola, 1936-1939
Subdivisión de materia general Relats personals
Fuente del encabezamiento o término lemac
650 #7 - PUNTO DE ACCESO ADICIONAL DE MATERIA - TÉRMINO DE MATERIA
Término de materia o nombre geográfico como elemento inicial Periodistes
Subdivisión geográfica Catalunya
Subdivisión de materia general Arxius
Fuente del encabezamiento o término lemac
9 (RLIN) 2400
650 #7 - PUNTO DE ACCESO ADICIONAL DE MATERIA - TÉRMINO DE MATERIA
Término de materia o nombre geográfico como elemento inicial Barris
Subdivisión geográfica Catalunya
-- Barcelona
Subdivisión de materia general Història
Subdivisión cronológica S. XX
Fuente del encabezamiento o término lemac
650 #7 - PUNTO DE ACCESO ADICIONAL DE MATERIA - TÉRMINO DE MATERIA
Término de materia o nombre geográfico como elemento inicial Moviment obrer
Subdivisión geográfica Catalunya
-- Barcelona
Subdivisión de materia general Història
Subdivisión geográfica S. XX
Fuente del encabezamiento o término lemac
651 #7 - PUNTO DE ACCESO ADICIONAL DE MATERIA - NOMBRE GEOGRÁFICO
Nombre geográfico Barcelona (Catalunya)
Subdivisión de materia general Història
Subdivisión cronológica S. XX
Fuente del encabezamiento o término lemac
651 #7 - PUNTO DE ACCESO ADICIONAL DE MATERIA - NOMBRE GEOGRÁFICO
Nombre geográfico Barcelona (Catalunya)
Subdivisión de materia general Vida i costums
-- Història
Fuente del encabezamiento o término lemac
655 #7 - TÉRMINO DE INDIZACIÓN - GÉNERO/FORMA
Datos o término principal de género/forma Manuscrits
Fuente del término lemac
942 ## - ENTRADA DE ELEMENTOS AGREGADOS (KOHA)
Fuente de clasificaión o esquema
Koha [por defecto] tipo de item Referència i consulta general

No hi ha exemplars disponibles.

Implantat amb Koha